Statistics for Kansas City Royals All Time Leaders

Click here to take the quiz!

General Stats

  • This quiz has been taken 140 times
  • The average score is 11 of 17

Answer Stats

StatAnswer% Correct
HRBrett
99%
HitsBrett
97%
2BBrett
97%
3BBrett
97%
BBBrett
97%
RunsBrett
97%
ABBrett
97%
CSWilson
71%
SBWilson
71%
SVMontgomery
43%
SO(Pitcher)Appier
42%
HR AllowedLeonard
41%
SO(Batter)Gordon
37%
LSplittorff
30%
Runs AgainstSplittorff
30%
WHIPNelson
2%
WSplitorrff
1%

Score Distribution

Percentile by Number Answered

Percent of People with Each Score

Your Score History

You have not taken this quiz